000 00444nam a2200181Ia 4500
001 15480
005 20260306170159.0
008 260306t2015||||xx |||||||||||||| ||und||
041 _aESP
082 _a541.3
_bA59
100 _aAndrés Cabrerizo, Dulce María
_eAUT
245 0 _aFísica y química:
_b1 bachillerato
260 _c2015
300 _a366 páginas :
_c27 cm.
650 _aGEN
654 _aCCN
942 _cLIB
_dJUS
_fJUS
_2ddc
_n
999 _c15480
_d15480